Отечественные бесконтактные идентификаторы с частотой радиоканала; Схемотехника; № 2

Dades bibliogràfiques
Parent link:Схемотехника: научно-технический журнал.— , 2002-2007
№ 2.— 2002.— С. 61-63
Autor principal: Малашевич Б. Борис
Idioma:rus
Publicat: 2002
Col·lecció:Справочный лмсток
Matèries:
Format: MixedMaterials Capítol de llibre
KOHA link:https://koha.lib.tpu.ru/cgi-bin/koha/opac-detail.pl?biblionumber=383061

MARC

LEADER 00000naa2a2200000 4500
001 383061
005 20231101063048.0
035 |a (RuTPU)RU\TPU\prd\8023 
090 |a 383061 
100 |a 20021101a2002 k y0rusy50 ca 
101 0 |a rus 
102 |a RU 
200 1 |a Отечественные бесконтактные идентификаторы с частотой радиоканала  |f Б. Малашевич 
225 1 |a Справочный лмсток 
461 1 |0 (RuTPU)RU\TPU\prd\2494  |t Схемотехника  |o научно-технический журнал  |d 2002-2007 
463 1 |0 (RuTPU)RU\TPU\prd\2501  |t № 2  |v С. 61-63  |d 2002 
610 1 |a идентификаторы 
610 1 |a технологии интеллектуальных карт 
610 1 |a ИК-технологии 
610 1 |a электронные идентификаторы 
700 1 |a Малашевич  |b Б.  |g Борис 
801 1 |a RU  |b 63413507  |c 20021101  |g PSBO 
801 2 |a RU  |b 63413507  |c 20131217  |g RCR 
942 |c BK